00622nam a2200217Ia 4500003000900000008004100009040001300050040001300063041000800076100001800084245003100102250001100133260001400144260000900158300001100167300001000178490000600188942000700194999001700201952018600218IT-RoPAU120407s9999 xx 000 0 und d aIT-RoPAU cIT-RoPAU aita aEzia Storelli aLa donna nel mondo (lusso) aNapoli aDehoniane c1976 a350 p. c33 cm v1 cBK c33201d33201 00102ddc4060_36000000000000071aPAULUSbPAULUSd2012-04-11l0o0.36r2012-04-11 00:00:00w2012-04-11yBKzInserito da: LuigiG In data: 20 ottobre 2011 fondo: Fanella Progr:19223